|
|
|
|
| LEADER |
02464nam a22004455i 4500 |
| 001 |
978-90-313-9082-3 |
| 003 |
DE-He213 |
| 005 |
20160913015250.0 |
| 007 |
cr nn 008mamaa |
| 008 |
160908s2013 ne | s |||| 0|dut d |
| 020 |
|
|
|a 9789031390823
|9 978-90-313-9082-3
|
| 024 |
7 |
|
|a 10.1007/978-90-313-9082-3
|2 doi
|
| 040 |
|
|
|d GrThAP
|
| 050 |
|
4 |
|a RT1-120
|
| 072 |
|
7 |
|a MQC
|2 bicssc
|
| 072 |
|
7 |
|a MED058000
|2 bisacsh
|
| 082 |
0 |
4 |
|a 610.73
|2 23
|
| 100 |
1 |
|
|a Driessens, A.
|e author.
|
| 245 |
1 |
0 |
|a Rekenen in de zorg
|h [electronic resource] /
|c by A. Driessens, D. Brouwer-van Hulst.
|
| 264 |
|
1 |
|a Houten :
|b Bohn Stafleu van Loghum :
|b Imprint: Bohn Stafleu van Loghum,
|c 2013.
|
| 300 |
|
|
|a XI, 108 p.
|b online resource.
|
| 336 |
|
|
|a text
|b txt
|2 rdacontent
|
| 337 |
|
|
|a computer
|b c
|2 rdamedia
|
| 338 |
|
|
|a online resource
|b cr
|2 rdacarrier
|
| 347 |
|
|
|a text file
|b PDF
|2 rda
|
| 520 |
|
|
|a Rekenen in de zorg levert een bijdrage aan de rekenkundige vaardigheden van verpleegkundigen en verzorgenden. Het bevat een algemeen overzicht van basisberekeningen, zoals het schattend rekenen Ook het kunnen lezen van getallen in exponenten, die soms op uitslagenformulieren voorkomen, wordt in het boek behandeld.Een belangrijk deel van dit boek is het hoofdstuk 'Beroepsspecifiek rekenen'. Het omvat vooral de berekeningen die ten grondslag liggen aan het werken met oplossingen en verdunningen die voorkomen bij infusen en injecties. Ook het werken met gassen (met name zuurstof) komt in dit boek aan bod.Rekenen in de zorg nodigt uit tot zelfwerkzaamheid. Alle antwoorden op de vraagstukken staan achteraan in het boek. Het antwoord op de vragen is dan ook niet de sleutel. De weg er naar toe wél. 'Trucjes' zijn zoveel mogelijk achterwege gelaten. Het gaat tenslotte om het helder bedenken van de oplossing van de vraagstukken.Dit rekenboek is bestemd voor mbo-studenten verpleegkunde en verzorgenden.
|
| 650 |
|
0 |
|a Medicine.
|
| 650 |
|
0 |
|a Nursing.
|
| 650 |
|
0 |
|a Mathematics.
|
| 650 |
1 |
4 |
|a Medicine & Public Health.
|
| 650 |
2 |
4 |
|a Nursing.
|
| 650 |
2 |
4 |
|a Mathematics, general.
|
| 650 |
2 |
4 |
|a Professional & Vocational Education.
|
| 700 |
1 |
|
|a Brouwer-van Hulst, D.
|e author.
|
| 710 |
2 |
|
|a SpringerLink (Online service)
|
| 773 |
0 |
|
|t Springer eBooks
|
| 776 |
0 |
8 |
|i Printed edition:
|z 9789031390816
|
| 856 |
4 |
0 |
|u http://dx.doi.org/10.1007/978-90-313-9082-3
|z Full Text via HEAL-Link
|
| 912 |
|
|
|a ZDB-2-SMA
|
| 950 |
|
|
|a Mathematics and Statistics (Springer-11649)
|